Battleships of the IJN - Statistics

General Stats
  • This quiz has been taken 10 times
  • The average score is 7 of 12
Answer Stats
Year they were first laid down Number of ships in the class Answer % Correct
1937 3 Yamato
100%
1912 2 Fusō
89%
1915 2 Ise
89%
1917 2 Nagato
89%
1905 2 Satsuma
56%
1909 2 Kawachi
44%
1897 1 Asahi
33%
1894 2 Fuji
33%
1904 2 Katori
33%
1899 1 Mikasa
33%
1897 2 Shikishima
33%
1920 1 Tosa
22%
No matching quizzes found
Score Distribution
Percent of People with Each Score
Percentile by Number Answered
Your Score History
You have not taken this quiz